header

Channel 4 (Record no. 25680)

MARC details
000 -LEADER
fixed length control field 01263nam a2200313Ia 4500
100 1# - MAIN ENTRY--AUTHOR NAME
Personal name Hobson, Dorothy,
245 10 - TITLE STATEMENT
Title Channel 4
260 ## - PUBLICATION, DISTRIBUTION, ETC. (IMPRINT)
Place of publication London ;
-- New York :
Name of publisher I.B. Tauris,
Year of publication 2008.
300 ## - PHYSICAL DESCRIPTION
Number of Pages xii, 217 p.
650 #0 - SUBJECT ADDED ENTRY--TOPICAL TERM
Topical Term Television broadcasting
856 40 - ELECTRONIC LOCATION AND ACCESS
Uniform Resource Identifier http://site.ebrary.com/lib/rucke/Doc?id=10231649

No items available.

© 2026 Rongo University
Contact us: librarian | system librarian | Rongo university